| 000 | 00409nam a22001577a 4500 | ||
|---|---|---|---|
| 003 | SGT | ||
| 020 | _a9788131254080 | ||
| 082 |
_a617.632 _bM19D |
||
| 100 | _aDean Jeffrey, Shanthala | ||
| 245 | _aMcDonald and Avery's Dentistry for the Child and Adolescent | ||
| 250 | _aSecond South Asia | ||
| 260 |
_aNEW DELHI _bElsevier India _c2019 |
||
| 300 | _a1-422 | ||
| 650 | _aPEDODONTICS | ||
| 942 |
_2ddc _cBK _026 |
||
| 999 |
_c20901 _d20901 |
||